Normal view
MARC view
- Zubair, Muhammad Arslan
Entry Personal Name
001 - CONTROL NUMBER
- control field: 18994
003 - CONTROL NUMBER IDENTIFIER
- control field: NUST
005 - DATE AND TIME OF LATEST TRANSACTION
- control field: 20190803112932.0
008 - FIXED-LENGTH DATA ELEMENTS
- fixed length control field: 190803|| aca||aabn | a|a d
040 ## - CATALOGING SOURCE
- Original cataloging agency: NUST
- Transcribing agency: NUST
100 ## - HEADING--PERSONAL NAME
- Personal name: Zubair, Muhammad Arslan
670 ## - SOURCE DATA FOUND
- Source citation: Work cat.: (NUST): Zubair, Muhammad Arslan, Effect of Outsourcing on the Performance of the Firm (An Analysis of FMCG Sector of Pakistan) /, 2012.
